|
|
|
|
| LEADER |
00847nam a2200169 i 4500 |
| 001 |
univ19422 |
| 005 |
20220301151545.0 |
| 008 |
171124s1888 hu o 0|| hun d |
| 040 |
|
|
|a SZTE UnivHistória Repozitórium
|b hun
|
| 041 |
|
|
|a hun
|
| 245 |
0 |
2 |
|a A Kolozsvári Magyar Királyi Ferencz-József-Tudomány-Egyetem almanachja MDCCCLXXXVI-VIII-ról és az MDCCCLXXXVIII-IX-ik tanév I-ső felére valamint tanrendje az MDCCCLXXXVIII-IX-ik tanév I felére
|h [elektronikus dokumentum]
|
| 260 |
|
|
|a Ajtai K. Albert
|b Kolozsvár
|c 1888
|
| 300 |
|
|
|a 47 p.
|
| 490 |
0 |
|
|a A Kolozsvári Magyar Királyi Ferenc József Tudományegyetem tanrendje
|
| 561 |
|
|
|a Tanrend
|
| 695 |
|
|
|a Egyetemtörténet - Kolozsvár, Egyetemtörténet - Szeged, Kolozsvár - egyetem
|
| 856 |
4 |
0 |
|u http://univ.bibl.u-szeged.hu/19422/1/marki_tanrend_05_1888_89_tanrend_01.pdf
|z Dokumentum-elérés
|